|
|
|
|
| LEADER |
01291nam a2200301 a 4500 |
| 001 |
1308268 |
| 003 |
BD-DhAAL |
| 008 |
091124s191995 enkabk 001 0 eng d |
| 999 |
|
|
|c 5927
|d 5927
|
| 010 |
|
|
|a 77357984
|
| 020 |
|
|
|a 0582246148
|
| 020 |
|
|
|a 0582330505
|
| 040 |
|
|
|a DLC
|c DLC
|d DLC
|d BD-DhAAL
|
| 082 |
0 |
0 |
|a 330
|2 17
|
| 100 |
1 |
|
|a Stanlake, G. F.
|q (George Frederick)
|9 37378
|
| 245 |
1 |
0 |
|a Introductory economics /
|c G. F. Stanlake and S. J. Grant.
|
| 250 |
|
|
|a Sixth edition
|
| 260 |
|
|
|a London :
|b Longman,
|c 1995.
|
| 300 |
|
|
|a 554 pages :
|b illustrations, forms, maps ;
|c 22 cm.
|
| 500 |
|
|
|a Includes index.
|
| 526 |
|
|
|a ESS
|
| 541 |
1 |
|
|a Complimentary copy from Professor Dr. Nasreen Khundker
|e 00010935, 36623
|
| 650 |
|
0 |
|a Economics.
|9 37379
|
| 700 |
1 |
|
|a Grant,S. J.
|9 37380
|
| 852 |
4 |
|
|a Ayesha Abed Library
|j General Shelf
|
| 942 |
|
|
|2 ddc
|c BK
|
| 952 |
|
|
|0 0
|1 4
|2 ddc
|4 0
|6 330_000000000000000_STA
|7 0
|9 5912
|a BRACUL
|b BRACUL
|c GEN
|d 2009-12-06
|g 0.00
|l 2
|m 4
|o 330 STA
|p 3010010935
|r 2012-09-02
|s 2012-08-08
|t 1
|w 2009-12-06
|y BK
|x No price found in the accession register.
|
| 952 |
|
|
|0 0
|1 0
|2 ddc
|4 0
|6 330_000000000000000_STA
|7 0
|9 67203
|a BRACUL
|b BRACUL
|c GEN
|d 2019-11-19
|e Complimentary copy from Professor Dr. Nasreen Khundker
|l 3
|m 37
|o 330 STA
|p 3010036623
|r 2025-10-13
|s 2025-10-13
|t 2
|w 2019-11-19
|y BK
|